Fundamentals in Lodging Operations / Sarah Monzon-Po. (Record no. 82023)

MARC details
000 -LEADER
fixed length control field 00514nam a22001817a 4500
003 - CONTROL NUMBER IDENTIFIER
control field URS
005 - DATE AND TIME OF LATEST TRANSACTION
control field 20250206012624.0
008 - FIXED-LENGTH DATA ELEMENTS--GENERAL INFORMATION
fixed length control field 250205b |||||||| |||| 00| 0 eng d
020 ## - INTERNATIONAL STANDARD BOOK NUMBER
International Standard Book Number 9786210443547
040 ## - CATALOGING SOURCE
Transcribing agency URS
050 ## - LIBRARY OF CONGRESS CALL NUMBER
Classification number FIL TX 911.3 .P6 2023
100 ## - MAIN ENTRY--PERSONAL NAME
Relator code author
Personal name Po, Sarah Monzon-
245 ## - TITLE STATEMENT
Title Fundamentals in Lodging Operations / Sarah Monzon-Po.
260 ## - PUBLICATION, DISTRIBUTION, ETC.
Place of publication, distribution, etc. Philippines ; Rex Book Store, 2023
300 ## - PHYSICAL DESCRIPTION
Extent ix, 225 p ; 25 cm
504 ## - BIBLIOGRAPHY, ETC. NOTE
Bibliography, etc. note Includes bibliographical references.
942 ## - ADDED ENTRY ELEMENTS (KOHA)
Source of classification or shelving scheme Library of Congress Classification
Koha item type Filipiniana
Holdings
Withdrawn status Source of classification or shelving scheme Damaged status Not for loan Home library Current library Date acquired Source of acquisition Total Checkouts Full call number Barcode Date last seen Copy number Price effective from Koha item type
  Library of Congress Classification     Angono College Library Angono College Library 12/12/2024 Library Fund   FIL TX 911.3 .P6 2023 c1 URSANG-7300 02/06/2025 1 02/06/2025 Filipiniana
  Library of Congress Classification     Angono College Library Angono College Library 12/12/2024 Library Fund   FIL TX 911.3 .P6 2023 c2 URSANG-7301 02/06/2025 2 02/06/2025 Filipiniana
  Library of Congress Classification     Angono College Library Angono College Library 12/12/2024 Library Fund   FIL TX 911.3 .P6 2023 c3 URSANG-7629 02/06/2025 3 02/06/2025 Filipiniana
  Library of Congress Classification     Angono College Library Angono College Library 12/12/2024 Library Fund   FIL TX 911.3 .P6 2023 c4 URSANG-7630 02/06/2025 4 02/06/2025 Filipiniana
  Library of Congress Classification     Angono College Library Angono College Library 12/12/2024 Library Fund   FIL TX 911.3 .P6 2023 c5 URSANG-7631 02/06/2025 5 02/06/2025 Filipiniana

University of Rizal System
Email us at univlibservices@urs.edu.ph

Visit our Website www.urs.edu.ph/library